LEADER 01765nam a2200325 u 4500 001 000000052571 003 CaOOAMICUS 005 20070226115450.0 008 001020s1981 it u000 u ita u 035 $a10858877 040 $aPUL(R)$bita 100 1 $aVersaldi, Giuseppe.$0(OLS)http://pul/name/37526 245 12$aL'oggettività delle prove in campo psichico :$buna ricerca interdisciplinare sulle sentenze della S. Romana Rota dal 1967 al 1976 in tema di impotentia coeundi per cause psichiche /$cGiuseppe Versaldi. 260 $aBrescia :$bMorcelliana,$cc1981. 300 $a229 p. ;$c24 cm 490 1 $aPubblicazioni del Pontificio Seminario Lombardo in Roma.$aRicerche di scienze teologiche ;$v19 500 $aInclude indici. 504 $aBibliografia: p. [217]-220. 650 4$aDiritto canonico.$0(OLS)http://pul/subject/1294 650 4$aPsicologia clinica.$0(OLS)http://pul/subject/3414 710 2 $aPontificio seminario lombardo (Roma).$0(OLS)http://pul/name/2945 830 0$aPubblicazioni del Pontificio Seminario Lombardo in Roma.$pRicerche di scienze teologiche ;$v19.$0(OLS)http://pul/title/4041 850 $aPUL 852 $aPUL$W1$xSL Religione 1$y3$m71.L$j3674$nBK-PRI$b $qStampati$B69487$CPULBib$Z2$F69487 $81 852 $aPUL$W1$xDP1 Fondo Ciprotti$y59$m1543 D 30$j69485$nBK-PRI$b $qFondi$B69485$CPULBib$Z2$F69485 $H $81 941 1 $a1 941 1 $a8 961 $aINV: 48907 996 $6245$aL'oggettività delle prove in campo psichico :$buna ricerca interdisciplinare sulle sentenze della S. Romana Rota dal 1967 al 1976 in tema di impotentia coeundi per cause psichiche$9(OLS)http://pul/title/70493 996 $6260$aBrescia :$bMorcelliana$9(OLS)http://pul/publisher/47854 LEADER 01541nam a2200325 a 4500 001 000000175692 003 CaOOAMICUS 005 20230202165558.0 008 230202s2022 it u001 u ita r 020 $z978-88-308-1832-3* 032 $aLibriCat 040 $aPUL$bita 100 1 $aPredoti, Rocco.$0(OLS)http://pul/name/112542 245 10$aIdentità dell'uomo digitale : $bantropologia del linguaggio digitale e implicazioni catechetiche / $cRocco Predoti ; prefazione di Salvatore Currò. 260 $aAssisi :$bCittadella,$c2022. 300 $a439 p. ;$b$c21 cm 490 1 $aStudi e ricerche. Sezione teologica 504 $aBibliografia : p. [405]-434. 650 4$aCatechesi e mezzi di comunicazione.$0(OLS)http://pul/subject/41857 650 4$aCatechesi$xSec. XXI.$0(OLS)http://pul/subject/39301 650 4$aInternet$xAspetti sociali.$0(OLS)http://pul/subject/46010 700 1 $aCurrò, Salvatore.$0(OLS)http://pul/name/44205 830 0$aStudi e ricerche (Cittadella).$pSezione teologica.$0(OLS)http://pul/title/143126 850 $aPUL 852 $aPUL$W1$xSL Religione 3$y85$m230 COLL 11.1.48$j199877$qDDC 21$B204636$CPULBib$Z2$F204636 $H136009 $82 941 1 $a9 996 $6020$z978-88-308-1832-3*$9(OLS)http://pul/number/168994 996 $6245$aIdentità dell'uomo digitale : $bantropologia del linguaggio digitale e implicazioni catechetiche / $9(OLS)http://pul/title/217149 996 $6260$aAssisi :$bCittadella$9(OLS)http://pul/publisher/49668